000 00249nam a2200109Ia 4500
008 190216s9999||||xx |||||||||||||| ||und||
100 _aUdayamoorthy M S
245 0 _aChuttumulla Kadal
260 _bVeenus Press
650 _aMalayalam
942 _cBK
999 _c24275
_d24275